Holiday Quiz

Random Holiday or Christmas Quiz

Holiday Facts Quiz Stats

 Plays Quiz Updated Aug 31, 2016

Score 0/20 Timer 08:00
2 Plays Today
% Correct
Spider Webs
95.6%
Roller Skate
91.6%
Shoes
88.4%
Halloween
88%
Punch
87.8%
Tomatoes
87.8%
Brooms
87.5%
Babies
87%
Kentucky
86.9%
Cows
86.6%
% Correct
Flaming
86.6%
Cry
83%
Beer
81.1%
Monkey
80.4%
Melon
73.8%
Easter
69.5%
Alphabet
62.2%
Radishes
58.4%
Oranges
53.4%
Bermuda
49.6%

You're not logged in!

Compare scores with friends on all Sporcle quizzes.
OR
Log In

Show Comments

Extras

Top Quizzes Today


Score Distribution

Your Account Isn't Verified!

In order to create a playlist on Sporcle, you need to verify the email address you used during registration. Go to your Sporcle Settings to finish the process.

Report this User

Report this user for behavior that violates our Community Guidelines.

Details: